Vista normal
Vista MARC
Entrada Personal Name
Número de registros utilizados en: 1
001 - CONTROL NUMBER
- control field: 1627
003 - CONTROL NUMBER IDENTIFIER
- control field: OSt
005 - DATE AND TIME OF LATEST TRANSACTION
- control field: 20111007131949.0
008 - FIXED-LENGTH DATA ELEMENTS
- fixed length control field: 111007|||a|||||| | ||| d
040 ## - CATALOGING SOURCE
- Original cataloging agency: OSt
- Transcribing agency: OSt
100 ## - HEADING--PERSONAL NAME
- Personal name: Alvarado, Eca Luz de
670 ## - SOURCE DATA FOUND
- Source citation: Work cat.: (OSt): Canales, Francisca H. de 1626, Metodología de la investigación, 1986